000
00338nam a2200121Ia 4500
008
200619s9999 xx 000 0 und d
020
_a
9800000000000
100
_a
Sennett Richard
245
0
_a
Respect in a World of Inequality
264
_b
WW. Norton & Company
942
_c
IR
999
_c
120294
_d
120294